Die Drei erfolgreichsten Torschützen der aktiven Bundesliga Vereine - Statistiken

Allgemein
  • Dieses Quiz wurde 171 mal gespielt
  • Das Durchschnittsergebnis liegt bei 26 aus 54
Antwortstatistiken
Verein Nationalität Tore Antwort % Korrekt
Werder Bremen Peru 109 Claudio Pizarro
91%
FC Bayern München Polen 238 Robert Lewandowski
90%
FC Bayern München Deutschland 365 Gerd Müller
89%
1. FC Köln Deutschland 159 Dieter Müller
87%
RB Leipzig Deutschland 82 Timo Werner
86%
RB Leipzig Dänemark 43 Yussuf Poulsen
80%
VfL Wolfsburg Bosnien 66 Edin Dzeko
79%
TSG 1899 Hoffenheim Kroatien 91 Andrej Kramaric
78%
FC Schalke 04 Niederlande 84 Klaas-Jan Huntelaar
78%
Bayer 04 Leverkusen Deutschland 131 Stefan Kießling
78%
RB Leipzig Frankreich 40 Christopher Nkunku
77%
SC Freiburg Italien 43 Vincenzo Grifo
75%
VfL Wolfsburg Brasilien 59 Grafite
73%
FC Augsburg Österreich 29 Michael Gregoritsch
73%
SC Freiburg Deutschland 68 Nils Petersen
73%
TSG 1899 Hoffenheim Bosnien 43 Vedad Ibisevic
71%
FC Augsburg Island 37 Alfreð Finnbogason
69%
VfL Wolfsburg Niederlande 59 Wout Weghorst
68%
1. FC Union Berlin Niederlande 14 Sheraldo Becker
66%
FC Schalke 04 Dänemark 73 Ebbe Sand
64%
Bayer 04 Leverkusen Deutschland 181 Ulf Kirsten
62%
FC Schalke 04 Deutschland 182 Klaus Fischer
60%
Borussia Mönchengladbach Deutschland 195 Jupp Heynckes
58%
1. FSV Mainz 05 Ägypten 29 Mohammed Zidan
57%
SC Freiburg Senegal 37 Papiss Demba Cisse
57%
FC Bayern München Deutschland 162 Karl-Heinz Rummenigge
55%
1. FC Union Berlin Nigeria 20 Taiwo Awoniyi
55%
TSG 1899 Hoffenheim Bosnien 46 Sejad Salihovic
52%
FC Augsburg Deutschland 32 Andre Hahn
51%
Hertha BSC Deutschland 84 Michael Preetz
49%
Werder Bremen Deutschland 97 Rudi Völler
45%
Borussia Dortmund Deutschland 131 Michael Zorc
44%
1. FC Union Berlin Deutschland 16 Max Kruse
41%
Borussia Dortmund Deutschland 135 Manfred Burgsmüller
40%
1. FSV Mainz 05 Schweden 31 Robin Quaison
36%
Werder Bremen Deutschland 101 Marco Bode
35%
Eintracht Frankfurt Deutschland 160 Bernd Hölzenbein
29%
1. FSV Mainz 05 Deutsch/Türke 29 Yunus Malli
28%
Borussia Dortmund Deutschland 115 Lothar Emmerich
27%
VfB Stuttgart Deutschland 102 Fritz Walter
26%
VfB Stuttgart Deutschland 129 Karl Allgöwer
24%
Eintracht Frankfurt Deutschland 109 Jürgen Grabowski
23%
1. FC Köln Deutschland 166 Hannes Löhr
21%
1. FC Köln Deutschland 116 Pierre Littbarski
16%
Eintracht Frankfurt Deutschland 141 Bernd Nickel
13%
Borussia Mönchengladbach Deutschland 97 Herbert Laumen
11%
Hertha BSC Deutschland 83 Erich Beer
10%
Borussia Mönchengladbach Deutschland 92 Hans-Jörg Criens
8%
VfL Bochum Deutschland 52 Uwe Wegmann
8%
VfB Stuttgart Deutschland 96 Hermann Ohlicher
6%
VfL Bochum Deutschland 60 Hans-Joachim Abel
5%
Bayer 04 Leverkusen Deutschland 72 Herbert Waas
5%
VfL Bochum Deutschland 53 Hans Walitza
2%
Hertha BSC Deutschland 75 Lorenz Horr
2%
Keine übereinstimmenden Quizze gefunden
Verteilung der Resultate
Anzahl Personen mit jedem Resultat
Perzentil nach korrekt beantworteten Fragen
Ihre Resultats-Entwicklung
Sie haben dieses Quiz noch nicht gespielt